[Event "Moscow Open 2009 A"]
[Site ""]
[Date "2009.02.04"]
[Round "5.49"]
[White "Nyzhnyk, Illya"]
[Black "Ozolin, Maxim"]
[Result "1-0"]
[WhiteElo "2503"]
[BlackElo "2377"]
[Annotator ""]
[Source ""]
[Remark ""]

1.e4 e6 2.d4 d5 3.Nc3 Nf6 4.e5 Nfd7 5.f4 c5 6.Nf3 Nc6 7.Be3 a6
8.Qd2 b5 9.a3 Bb7 10.Be2 Qb6 11.O-O cxd4 12.Nxd4 Bc5 13.Rad1
Rc8 14.Kh1 O-O 15.Nxc6 Bxc6 16.Bxc5 Nxc5 17.Bf3 Na4 18.Nxa4 bxa4
19.Qd4 Rb8 20.Qxb6 Rxb6 21.c4 Rxb2 22.cxd5 Bxd5 23.Bxd5 exd5
24.Rxd5 Ra2 25.Rd3 Rb8 26.h3 g6 27.Rff3 Rbb2 28.Rg3 h5 29.Kh2
Rf2 30.e6 Rae2 31.exf7+ Kxf7 32.Rd7+ Re7 33.Rd4 Re6 34.Rg5 Rf6
35.Kg3 Rc2 36.Rxa4 Rc3+ 37.Kh4 Rc2 38.g3 Rc3 39.Rga5 Rcc6 40.Rb4
Rfd6 41.Rb7+ Kf6 42.Ra7 Re6 43.g4 hxg4 44.hxg4 Re7 45.R7xa6 1-0

[Event "Moscow Open 2009 A"]
[Site ""]
[Date "2009.02.04"]
[Round "5.50"]
[White "Naumkin, Igor"]
[Black "Ageichenko, Genadi A"]
[Result "1/2-1/2"]
[WhiteElo "2501"]
[BlackElo "2367"]
[Annotator ""]
[Source ""]
[Remark ""]

1.d4 d5 2.c4 e6 3.Nf3 c5 4.cxd5 exd5 5.Nc3 Nc6 6.g3 Nf6 7.Bg2
Be7 8.O-O O-O 9.Bf4 Re8 10.Rc1 Bg4 11.dxc5 Bxc5 12.Nb5 Bb6 13.h3
Bh5 14.Bg5 Bg6 15.Nh4 h6 16.Bxf6 Qxf6 17.Nc3 Be4 18.e3 Rad8 19.Nxe4
dxe4 20.Qg4 Ne5 21.Qf5 Qxf5 22.Nxf5 Nd3 23.Rc2 g6 24.Nxh6+ Kg7
25.Ng4 f5 26.Nh2 Rc8 27.Re2 Ba5 28.b3 Nc1 29.Rb2 1/2-1/2

[Event "Moscow Open 2009 A"]
[Site ""]
[Date "2009.02.04"]
[Round "5.51"]
[White "Ipatov, Alexander"]
[Black "Kashlinskaya, Alina"]
[Result "1-0"]
[WhiteElo "2493"]
[BlackElo "2302"]
[Annotator ""]
[Source ""]
[Remark ""]

1.d4 Nf6 2.c4 g6 3.Nc3 Bg7 4.e4 d6 5.Bg5 h6 6.Be3 Ng4 7.Bc1 e5
8.d5 f5 9.Be2 Nf6 10.exf5 gxf5 11.f4 e4 12.Be3 O-O 13.Nh3 c5
14.Nf2 Na6 15.h3 Qe7 16.O-O Bd7 17.Kh1 Kh8 18.g4 fxg4 19.Nxg4
Nxg4 20.Bxg4 Bxg4 21.hxg4 Nb4 22.g5 Nd3 23.f5 Nxb2 24.Qh5 Bxc3
25.f6 Bxf6 26.gxf6 Rxf6 27.Bxh6 Rxh6 28.Qxh6+ Qh7 29.Qxh7+ Kxh7
30.Rae1 Nxc4 31.Rxe4 Nd2 32.Rh4+ Kg6 33.Rf2 Kg5 34.Rhh2 Ne4 35.Rhg2+ 1-0

[Event "Moscow Open 2009 A"]
[Site ""]
[Date "2009.02.04"]
[Round "5.52"]
[White "Pichugin, Andrei"]
[Black "Bezgodov, Alexei"]
[Result "0-1"]
[WhiteElo "2221"]
[BlackElo "2475"]
[Annotator ""]
[Source ""]
[Remark ""]

1.e4 e5 2.Nf3 Nc6 3.Nc3 Nf6 4.d4 exd4 5.Nxd4 Bb4 6.Nxc6 bxc6
7.Bd3 O-O 8.O-O d5 9.exd5 cxd5 10.Bg5 c6 11.Qf3 Bd6 12.h3 Rb8
13.Rab1 Re8 14.Ne2 Be5 15.c3 Qd6 16.Ng3 h6 17.Be3 c5 18.Nf5 Bxf5
19.Qxf5 Qc6 20.Rfe1 Bc7 21.Re2 c4 22.Bc2 Bb6 23.Qf3 Bxe3 24.Rxe3
Qa6 25.a4 Qb6 26.Rxe8+ Rxe8 27.b3 cxb3 28.Rxb3 Qc7 29.Rb1 d4
30.g3 Qxc3 31.Bd3 Nd7 32.Qf5 Nc5 33.Qh7+ Kf8 34.Qh8+ Ke7 35.Qxg7
Nxd3 0-1

[Event "Moscow Open 2009 A"]
[Site ""]
[Date "2009.02.04"]
[Round "5.53"]
[White "Gabrielian, Artur"]
[Black "Zhadanov, Vasili B"]
[Result "1-0"]
[WhiteElo "2472"]
[BlackElo "2233"]
[Annotator ""]
[Source ""]
[Remark ""]

1.e4 e6 2.d4 d5 3.Nc3 Bb4 4.e5 c5 5.a3 Bxc3+ 6.bxc3 Ne7 7.Qg4
O-O 8.Bd3 f5 9.exf6 Rxf6 10.Bg5 Rf7 11.Qh5 g6 12.Qd1 Nbc6 13.Nf3
Qf8 14.O-O c4 15.Be2 Rf5 16.Bc1 1-0

[Event "Moscow Open 2009 A"]
[Site ""]
[Date "2009.02.04"]
[Round "5.54"]
[White "Kim, Alexey"]
[Black "Venevtsev, Andrey"]
[Result "1-0"]
[WhiteElo "2470"]
[BlackElo "2230"]
[Annotator ""]
[Source ""]
[Remark ""]

1.e4 e6 2.d3 d5 3.Nd2 Nf6 4.g3 b6 5.Bg2 Bb7 6.e5 Nfd7 7.f4 c5
8.Ngf3 Be7 9.Qe2 Nc6 10.O-O Qc7 11.c4 O-O-O 12.cxd5 exd5 13.Nb1
g5 14.fxg5 Ndxe5 15.Nxe5 Qxe5 16.Bh3+ Rd7 17.Qxe5 Nxe5 18.d4
cxd4 19.Bf4 Nd3 20.Nd2 Kd8 21.Bxd7 Kxd7 22.Nf3 Ba6 23.Bd2 Rc8
24.Nxd4 Nxb2 25.Rxf7 1-0

[Event "Moscow Open 2009 A"]
[Site ""]
[Date "2009.02.04"]
[Round "5.55"]
[White "Danin, Alexandre"]
[Black "Yarmolenko, Evgeny"]
[Result "1-0"]
[WhiteElo "2465"]
[BlackElo "2211"]
[Annotator ""]
[Source ""]
[Remark ""]

1.e4 c5 2.Nf3 Nc6 3.d4 cxd4 4.Nxd4 g6 5.c4 Bg7 6.Be3 Nf6 7.Nc3
d6 8.Be2 O-O 9.O-O Bd7 10.f3 Nxd4 11.Bxd4 a5 12.b3 Bc6 13.Qd2
Nd7 14.Be3 Nc5 15.Rab1 Qb6 16.Rfc1 Qb4 17.Rc2 Rfc8 18.Qc1 Qb6
19.a3 Qd8 20.Bf1 h5 21.Qd2 Kh7 22.Nd5 e6 23.Nf4 a4 24.b4 Nb3
25.Qf2 e5 26.Bb6 Qe7 27.Ne2 f5 28.exf5 gxf5 29.Ng3 Qg5 30.Rd1
h4 31.Ne2 Qf6 32.Nc3 Nd4 33.Rcd2 h3 34.Rxd4 exd4 35.Bxd4 Qg5
36.g3 Re8 37.b5 Bxd4 38.Rxd4 Bd7 39.Nd5 Rf8 40.Rh4+ Kg8 41.Qd4
Qg7 42.Qf4 1-0

[Event "Moscow Open 2009 A"]
[Site ""]
[Date "2009.02.04"]
[Round "5.56"]
[White "Lushenkov, Mikhail"]
[Black "Mokshanov, Alexey"]
[Result "1-0"]
[WhiteElo "2462"]
[BlackElo "2185"]
[Annotator ""]
[Source ""]
[Remark ""]

1.Nf3 d5 2.c4 c6 3.e3 Nf6 4.Nc3 e6 5.b3 Nbd7 6.Qc2 Bd6 7.Bb2
O-O 8.Rg1 Re8 9.g4 Nf8 10.g5 N6d7 11.h4 f5 12.gxf6 Nxf6 13.d4
Qe7 14.Bd3 Kh8 15.O-O-O Bd7 16.Rg5 h6 17.Rg2 Rec8 18.Ne5 Bxe5
19.dxe5 Nh5 20.Rdg1 Be8 21.Be2 Rc7 22.Qd1 Qf7 23.Ba3 Nh7 24.Bd6
Rd7 25.c5 b6 26.Na4 Rb7 27.f4 b5 28.Nb2 a5 29.a3 a4 30.b4 Rd8
31.Bg4 Rdd7 32.Qd4 Rd8 33.Nd3 Bd7 34.Kb1 Qe8 35.f5 exf5 36.Bxh5 1-0

[Event "Moscow Open 2009 A"]
[Site ""]
[Date "2009.02.04"]
[Round "5.57"]
[White "Zhang, Zhong"]
[Black "Barsamian, Eduard"]
[Result "1-0"]
[WhiteElo "2656"]
[BlackElo "2138"]
[Annotator ""]
[Source ""]
[Remark ""]

1.Nf3 Nf6 2.c4 c6 3.d4 d5 4.e3 Bf5 5.Nc3 e6 6.Nh4 Be4 7.f3 Bg6
8.Qb3 Qb6 9.Nxg6 hxg6 10.Bd2 Nbd7 11.Qc2 dxc4 12.Bxc4 e5 13.O-O-O
Be7 14.Be1 exd4 15.exd4 Bd6 16.Bf2 Qc7 17.Rhe1+ Kf8 18.h3 Nb6
19.Bb3 Nbd5 20.Kb1 a5 21.Bxd5 Nxd5 22.Nxd5 cxd5 23.Qa4 Bf4 24.Be3
Rh4 25.Bxf4 Rxf4 26.Rc1 Qb6 27.Qa3+ Kg8 28.Qc5 Qf6 29.Qxd5 Rxd4
30.Qxb7 Rad8 31.Qc6 Qf5+ 32.Qc2 Qb5 33.Red1 Qd5 34.Rxd4 Qxd4
35.a3 Rb8 36.Ka1 a4 37.Re1 Rb3 38.Kb1 f5 39.Re8+ Kh7 40.Rc8 1-0

[Event "Moscow Open 2009 A"]
[Site ""]
[Date "2009.02.04"]
[Round "5.58"]
[White "Zubarev, Alexander"]
[Black "Chudinovskikh, Alexander M"]
[Result "1-0"]
[WhiteElo "2566"]
[BlackElo "2379"]
[Annotator ""]
[Source ""]
[Remark ""]

1.d4 Nf6 2.Nf3 e6 3.c4 b6 4.g3 Ba6 5.Qa4 Bb7 6.Bg2 c5 7.dxc5
bxc5 8.O-O Qb6 9.Nc3 Be7 10.Rd1 O-O 11.Bf4 Nh5 12.Be3 f5 13.b4
Qxb4 14.Qxb4 cxb4 15.Nb5 Rc8 16.Nxa7 Rf8 17.Bb6 Nf6 18.Ne5 Bxg2
19.Kxg2 d5 20.Nb5 Nfd7 21.Nc7 Nxe5 22.Nxa8 Nbd7 23.Nc7 Nxb6 24.cxd5
exd5 25.Nxd5 Nxd5 26.Rxd5 Nc6 27.Rc1 Rf6 28.e3 g6 29.f4 Kf7 30.Kf3
Nd8 31.h3 Ke8 32.g4 h5 33.Rc7 Ne6 34.Rb7 h4 35.Rdb5 Nc7 36.Rb8+
Kf7 37.R5b7 1-0

[Event "Moscow Open 2009 A"]
[Site ""]
[Date "2009.02.04"]
[Round "5.59"]
[White "Kharitonov, Andrei V"]
[Black "Balashov, Yuri S"]
[Result "1/2-1/2"]
[WhiteElo "2563"]
[BlackElo "2378"]
[Annotator ""]
[Source ""]
[Remark ""]

1.d4 e6 2.c4 Bb4+ 3.Bd2 a5 4.Nf3 d6 5.Nc3 f5 6.g3 Nf6 7.Bg2 O-O
8.O-O Qe7 9.Qc2 Bxc3 10.Bxc3 Ne4 11.Rfd1 Nd7 12.Be1 Ndf6 13.Rac1
b6 14.Nd2 Bb7 15.Nf1 Nd7 16.Nd2 1/2-1/2

[Event "Moscow Open 2009 A"]
[Site ""]
[Date "2009.02.04"]
[Round "5.60"]
[White "Onoprienko, Vladimir"]
[Black "Chernyshov, Konstantin"]
[Result "0-1"]
[WhiteElo "2372"]
[BlackElo "2544"]
[Annotator ""]
[Source ""]
[Remark ""]

1.e4 g6 2.Nc3 Bg7 3.h4 c6 4.h5 d5 5.Qf3 d4 6.Bc4 e6 7.Nce2 Nd7
8.d3 Ne5 9.Qg3 Nxc4 10.dxc4 e5 11.Nh3 Qd6 12.f4 Bxh3 13.Rxh3
Qb4+ 14.c3 dxc3 15.Qxc3 Qxc3+ 16.Nxc3 O-O-O 17.f5 gxf5 18.exf5
Rd4 19.Be3 Rxc4 20.Bxa7 Nh6 21.Ke2 Rg4 22.Be3 Nxf5 23.h6 Bf6
24.Rf1 Rxg2+ 25.Kf3 Rhg8 0-1

[Event "Moscow Open 2009 A"]
[Site ""]
[Date "2009.02.04"]
[Round "5.61"]
[White "Filipenko, Alexander V"]
[Black "Maslak, Konstantin"]
[Result "0-1"]
[WhiteElo "2360"]
[BlackElo "2541"]
[Annotator ""]
[Source ""]
[Remark ""]

1.e4 c5 2.Nf3 d6 3.d4 cxd4 4.Nxd4 Nf6 5.Nc3 a6 6.g3 g6 7.Bg2
Bg7 8.h3 O-O 9.O-O Nc6 10.Nde2 Rb8 11.Bg5 h6 12.Be3 b5 13.a3
Ne5 14.b3 Bb7 15.Qd2 h5 16.Nd5 Ned7 17.Rac1 e6 18.Ndc3 Nc5 19.e5
Nfe4 20.Nxe4 Nxe4 21.Qd3 Nc5 22.Qxd6 Qxd6 23.exd6 Bxg2 24.Kxg2
Ne4 25.c4 bxc4 26.Rxc4 Nxd6 27.Rc6 Nf5 28.Bc5 Rfc8 29.Rxc8+ Rxc8
30.b4 Bf8 31.Bxf8 Kxf8 32.Rc1 Rd8 33.Rc6 Rd2 34.Nc1 e5 35.Nb3
Rd3 36.Nc5 Rxa3 37.Nd7+ Ke7 38.Nxe5 h4 39.gxh4 Nxh4+ 40.Kh2 f6
41.Ng4 Nf3+ 42.Kg2 f5 43.Ne3 Ne1+ 44.Kf1 Nd3 45.h4 Ra2 46.Rc2
Ra1+ 47.Ke2 Nxb4 0-1

[Event "Moscow Open 2009 A"]
[Site ""]
[Date "2009.02.04"]
[Round "5.62"]
[White "Bryzgalin, Kirill"]
[Black "Hambardzumian, Yuri"]
[Result "1-0"]
[WhiteElo "2537"]
[BlackElo "2361"]
[Annotator ""]
[Source ""]
[Remark ""]

1.d4 Nf6 2.c4 g6 3.Nc3 Bg7 4.e4 d6 5.f3 O-O 6.Be3 Nc6 7.Qd2 a6
8.Nge2 Rb8 9.Rc1 Bd7 10.Nd1 Re8 11.Nf2 b5 12.c5 dxc5 13.Rxc5
e5 14.d5 Ne7 15.Qc1 c6 16.dxc6 Nxc6 17.Rxc6 Bxc6 18.Qxc6 Qa5+
19.Qc3 Qxa2 20.Nc1 Qa1 21.Qb3 Qa5+ 22.Bd2 Qb6 23.Be3 Qa5+ 24.Bd2
Qc7 25.Be2 Bf8 26.Ncd3 Qc4 27.Qd1 Qe6 28.O-O Red8 29.Qa1 Nd7
30.Be3 Rbc8 31.f4 exf4 32.Nxf4 Qb3 33.Nd5 Rc6 34.Bd1 1-0

[Event "Moscow Open 2009 A"]
[Site ""]
[Date "2009.02.04"]
[Round "5.63"]
[White "Ajrapetian, Gevorg"]
[Black "Kharitonov, Alexandr"]
[Result "0-1"]
[WhiteElo "2350"]
[BlackElo "2537"]
[Annotator ""]
[Source ""]
[Remark ""]

1.e4 c6 2.d4 d5 3.e5 Bf5 4.Nd2 e6 5.Nb3 Nd7 6.Be3 f6 7.f4 Nh6
8.Be2 Be4 9.Nf3 Be7 10.O-O Bxf3 11.Bxf3 f5 12.Nc5 Nxc5 13.dxc5
b6 14.c4 O-O 15.Qc2 Rc8 16.Rfd1 Ng4 17.Bxg4 fxg4 18.Qe2 h5 19.h3
Bxc5 20.Bxc5 bxc5 21.g3 g5 22.Rf1 gxf4 23.gxf4 Rc7 24.hxg4 Rg7
25.g5 Rxf4 26.Rxf4 Qxg5+ 27.Rg4 Qxg4+ 28.Qxg4 Rxg4+ 0-1

[Event "Moscow Open 2009 A"]
[Site ""]
[Date "2009.02.04"]
[Round "5.64"]
[White "Gurevich, Dmitry"]
[Black "Popilski, Gil"]
[Result "1/2-1/2"]
[WhiteElo "2507"]
[BlackElo "2348"]
[Annotator ""]
[Source ""]
[Remark ""]

1.d4 Nf6 2.c4 g6 3.Nc3 d5 4.Nf3 Bg7 5.cxd5 Nxd5 6.Bd2 O-O 7.Rc1
Nb6 8.e3 N8d7 9.a4 a5 10.e4 e5 11.Bg5 Bf6 12.Bxf6 Qxf6 13.d5
Nc5 14.Be2 c6 15.O-O Rd8 16.Nd2 cxd5 17.exd5 Bf5 18.Bf3 Kg7 19.Nde4
Bxe4 20.Nxe4 Nxe4 21.Bxe4 Rd6 1/2-1/2

[Event "Moscow Open 2009 A"]
[Site ""]
[Date "2009.02.04"]
[Round "5.65"]
[White "Ulko, Jaroslav"]
[Black "Kremenietsky, Anatoly M"]
[Result "1-0"]
[WhiteElo "2501"]
[BlackElo "2346"]
[Annotator ""]
[Source ""]
[Remark ""]

1.d4 Nf6 2.c4 g6 3.Nc3 Bg7 4.e4 d6 5.Nf3 O-O 6.Be2 e5 7.O-O Na6
8.Re1 Re8 9.Bf1 Bg4 10.d5 Nb4 11.Be2 a5 12.Be3 c5 13.dxc6 bxc6
14.a3 Na6 15.h3 Be6 16.Ng5 Nc5 17.Qc2 h6 18.Rad1 Qc7 19.b4 axb4
20.axb4 Ncd7 21.Nxe6 Rxe6 22.b5 c5 23.Bg4 Nxg4 24.hxg4 Nb6 25.Ra1
Qb7 26.Qd3 Bf8 27.g3 Ree8 28.Kg2 Rxa1 29.Rxa1 Ra8 30.Rxa8 Qxa8
31.Nd5 Nd7 32.Qb3 1-0

[Event "Moscow Open 2009 A"]
[Site ""]
[Date "2009.02.04"]
[Round "5.66"]
[White "Gavrilov, Alexei"]
[Black "Airapetian, Gor"]
[Result "0-1"]
[WhiteElo "2481"]
[BlackElo "2346"]
[Annotator ""]
[Source ""]
[Remark ""]

1.d4 e6 2.c4 Nf6 3.Nf3 Bb4+ 4.Bd2 c5 5.Bxb4 cxb4 6.Nbd2 O-O 7.g3
d6 8.Bg2 a5 9.O-O Qc7 10.Rc1 Nbd7 11.e4 e5 12.Qe2 b6 13.Qe3 Bb7
14.Nh4 Rfe8 15.d5 Nf8 16.Bh3 Ng6 17.Kg2 Re7 18.Rfe1 Rae8 19.Nhf3
Rb8 20.Bf5 Nf8 21.h4 Ne8 22.Kh2 g6 23.Bh3 Ng7 24.Qe2 Bc8 25.Bxc8
Rxc8 0-1

[Event "Moscow Open 2009 A"]
[Site ""]
[Date "2009.02.04"]
[Round "5.67"]
[White "Petrosian, Davit G"]
[Black "Gerasimov, Ivan"]
[Result "1-0"]
[WhiteElo "2477"]
[BlackElo "2342"]
[Annotator ""]
[Source ""]
[Remark ""]

1.e4 c5 2.d3 Nc6 3.f4 g6 4.Nf3 Bg7 5.g3 e6 6.Bg2 Nge7 7.O-O O-O
8.c3 d6 9.Be3 b6 10.Re1 Bb7 11.Bf2 Rc8 12.Na3 a6 13.Nc2 Rc7 14.g4
h6 15.Bh4 d5 16.e5 d4 17.c4 Nb8 18.Qe2 Nd7 19.Bg3 Rc8 20.h3 Ba8
21.Nd2 g5 22.fxg5 hxg5 23.Bxa8 Rxa8 24.Nf3 b5 25.Qe4 bxc4 26.dxc4
Rb8 27.b3 Qa5 28.Re2 Qd8 29.Nce1 a5 30.Nd3 a4 31.Rb1 axb3 32.axb3
Ra8 33.Be1 Bh6 34.Bd2 Ra2 35.Rbe1 1-0

[Event "Moscow Open 2009 A"]
[Site ""]
[Date "2009.02.04"]
[Round "5.68"]
[White "Mozharov, Mikhail"]
[Black "Siritsa, Dmitry"]
[Result "1-0"]
[WhiteElo "2475"]
[BlackElo "2327"]
[Annotator ""]
[Source ""]
[Remark ""]

1.d4 Nf6 2.c4 c6 3.Nc3 d5 4.Nf3 e6 5.Qd3 dxc4 6.Qxc4 b6 7.g3
Bb7 8.Bg2 c5 9.O-O Nbd7 10.Bf4 a6 11.dxc5 Bxc5 12.b4 Be7 13.Rad1
Nd5 14.Nxd5 Bxd5 15.Qc3 Bf6 16.Ne5 g5 17.Bxd5 exd5 18.Qc6 Ra7
19.Nxd7 Rxd7 20.Rxd5 Ke7 21.Rf5 1-0

[Event "Moscow Open 2009 A"]
[Site ""]
[Date "2009.02.04"]
[Round "5.69"]
[White "Davydov, Sergey P"]
[Black "Krylov, Mikhail"]
[Result "0-1"]
[WhiteElo "2342"]
[BlackElo "2459"]
[Annotator ""]
[Source ""]
[Remark ""]

1.d4 Nf6 2.c4 g6 3.Nc3 Bg7 4.e4 d6 5.Nf3 O-O 6.h3 e5 7.d5 a5
8.Bg5 c6 9.Qd2 a4 10.Bd3 Nbd7 11.O-O Nc5 12.Bc2 cxd5 13.Bxf6
Bxf6 14.Nxd5 Bg7 15.b4 axb3 16.axb3 Rxa1 17.Rxa1 Be6 18.b4 Na6
19.Ra5 Kh8 20.Rb5 Qc8 21.Bb3 h6 22.Qe3 Nc7 23.Rb6 Bxd5 24.exd5
Rd8 25.c5 dxc5 26.Qxc5 e4 27.Nd2 Qa8 28.Qxc7 Rc8 29.Qxf7 e3 30.Rxg6
Qa1+ 31.Nb1 exf2+ 0-1

[Event "Moscow Open 2009 A"]
[Site ""]
[Date "2009.02.04"]
[Round "5.70"]
[White "Zhidkov, Valery S"]
[Black "Petrushin, Alexander I"]
[Result "1/2-1/2"]
[WhiteElo "2341"]
[BlackElo "2455"]
[Annotator ""]
[Source ""]
[Remark ""]

1.Nf3 Nf6 2.g3 g6 3.b3 Bg7 4.Bb2 O-O 5.Bg2 d6 6.d4 Nbd7 7.O-O
e5 8.dxe5 Ng4 9.Nbd2 Ngxe5 10.Nxe5 Nxe5 11.Kh1 Re8 12.c4 Rb8
13.Qc2 Bd7 14.Rae1 Bc6 15.e4 a5 16.f4 Nd3 17.Qxd3 Bxb2 18.Nf3
Qf6 19.Re3 Qg7 20.Qd2 Rxe4 21.Rxe4 Bxe4 22.Qxa5 b6 23.Qa7 Rc8
24.Ng5 Bxg2+ 25.Kxg2 h6 26.Qb7 Re8 27.Nf3 Qc3 28.Rf2 Ba3 29.Qd5
Qe3 30.h4 Bc5 31.Rc2 Kg7 32.h5 Qe4 33.Qxe4 Rxe4 34.hxg6 fxg6
35.Rd2 Kf6 36.Kh2 Bb4 1/2-1/2

[Event "Moscow Open 2009 A"]
[Site ""]
[Date "2009.02.04"]
[Round "5.71"]
[White "Tarasov, Oleg"]
[Black "Pugachov, Alexey"]
[Result "1/2-1/2"]
[WhiteElo "2340"]
[BlackElo "2450"]
[Annotator ""]
[Source ""]
[Remark ""]

1.e4 c5 2.c3 Nf6 3.e5 Nd5 4.d4 cxd4 5.cxd4 d6 6.Nf3 Nc6 7.Bc4
e6 8.O-O Be7 9.Qe2 O-O 10.Qe4 Qc7 11.Bd3 f5 12.exf6 Nxf6 13.Qe2
d5 14.Nc3 a6 15.h3 Bd6 16.Bd2 Bd7 17.Rac1 Rae8 18.Rfe1 Bc8 19.a3
Qf7 20.Ng5 Qc7 21.Nf3 Qd8 22.Bb1 g6 23.Bh6 Rf7 24.b4 Bb8 25.Qd2
Nh5 26.Bg5 Qd6 27.Ne5 Ref8 28.f3 Nxe5 29.dxe5 Qb6+ 30.Be3 Qd8
31.Bg5 Qb6+ 32.Be3 Qd8 1/2-1/2

[Event "Moscow Open 2009 A"]
[Site ""]
[Date "2009.02.04"]
[Round "5.72"]
[White "Kovalev, Vladislav"]
[Black "Obodchuk, Andrei"]
[Result "1/2-1/2"]
[WhiteElo "2330"]
[BlackElo "2445"]
[Annotator ""]
[Source ""]
[Remark ""]

1.e4 c5 2.Nf3 Nc6 3.d4 cxd4 4.Nxd4 Nf6 5.Nc3 d6 6.Bc4 e6 7.Be3
Be7 8.Qe2 Bd7 9.O-O-O Rc8 10.Bb3 Na5 11.f3 O-O 12.g4 Nxb3+ 13.axb3
Qa5 14.Kb1 Ne8 15.h4 Nc7 16.Bg5 f6 17.Be3 Qa6 18.Qg2 b5 19.g5
Qb7 20.g6 h6 21.Rhg1 f5 22.Bg5 Rce8 23.e5 dxe5 24.Nxf5 Rxf5 25.Rxd7
hxg5 26.hxg5 Bxg5 27.Ne4 Bh6 28.Rgd1 Ref8 29.Nd6 Qxf3 30.Qxf3
Rxf3 31.Rxc7 Rg3 32.Nc8 Bg5 33.Nxa7 e4 34.Nxb5 e3 35.Nc3 Bf4
36.Re7 Rxg6 1/2-1/2

[Event "Moscow Open 2009 A"]
[Site ""]
[Date "2009.02.04"]
[Round "5.73"]
[White "Tappyrov, Vladimir"]
[Black "Ziatdinov, Raset"]
[Result "1-0"]
[WhiteElo "2317"]
[BlackElo "2440"]
[Annotator ""]
[Source ""]
[Remark ""]

1.d4 d5 2.Nf3 Nf6 3.c4 e6 4.g3 Be7 5.Bg2 O-O 6.O-O c6 7.Nc3 b6
8.b3 Ba6 9.Re1 dxc4 10.bxc4 Bxc4 11.Ne5 Ba6 12.Bxc6 Nxc6 13.Nxc6
Qc7 14.Nxe7+ Qxe7 15.Qa4 Qb7 16.Bg5 Rfc8 17.Nb5 Ne4 18.Bf4 Bxb5
19.Qxb5 Nc3 20.Qd3 b5 21.Bd2 Qe4 22.Qxe4 Nxe4 23.Ba5 Rc4 24.Red1
Ra4 25.Be1 Rd8 26.e3 f5 27.Rdc1 g5 28.Kg2 Rd7 29.Rab1 a6 1-0

[Event "Moscow Open 2009 A"]
[Site ""]
[Date "2009.02.04"]
[Round "5.74"]
[White "Krivoborodov, Egor"]
[Black "Zimmerman, Yuri"]
[Result "1-0"]
[WhiteElo "2436"]
[BlackElo "2341"]
[Annotator ""]
[Source ""]
[Remark ""]

1.e4 d6 2.d4 g6 3.Nc3 Bg7 4.Be3 c6 5.Qd2 Nf6 6.f3 Qa5 7.O-O-O
b5 8.Kb1 Nbd7 9.Bh6 Bxh6 10.Qxh6 b4 11.Nce2 g5 12.h4 g4 13.Nc1
Qc7 14.Nge2 Nb6 15.Ng3 gxf3 16.gxf3 Be6 17.Nh5 Nxh5 18.Qxh5 d5
19.e5 c5 20.Bb5+ Kd8 21.dxc5 Qxc5 22.Bd3 Na4 23.Nb3 Qc7 24.Bb5
Nc5 25.f4 Ne4 26.Qf3 f5 27.Nd4 Bd7 28.Nxf5 Bxf5 29.Rxd5+ Kc8
30.Ba6+ Kb8 31.Rb5+ Qb6 32.Qe3 Kc7 33.Rxb6 axb6 34.Bd3 1-0

[Event "Moscow Open 2009 A"]
[Site ""]
[Date "2009.02.04"]
[Round "5.75"]
[White "Haroutjunian, Dmitri"]
[Black "Slugin, Sergey"]
[Result "1/2-1/2"]
[WhiteElo "2288"]
[BlackElo "2436"]
[Annotator ""]
[Source ""]
[Remark ""]

1.Nf3 d5 2.d4 c6 3.e3 Bg4 4.c4 e6 5.Qb3 Qb6 6.Qxb6 axb6 7.Nc3
Nd7 8.h3 Bxf3 9.gxf3 Ngf6 10.Bd2 Be7 11.O-O-O O-O 12.Kb1 Rfd8
13.Bd3 dxc4 14.Bxc4 b5 15.Bb3 Nb6 16.Ne4 Nc4 17.Nxf6+ Bxf6 18.Bc3
Nb6 19.a3 Nd5 20.Bd2 Ne7 21.Bc3 Nf5 22.f4 Nd6 23.Bc2 Nc4 24.Bd3
g6 25.Kc2 Nb6 26.Rhe1 Na4 27.Bb4 Nb6 28.Kb3 Nd5 29.Bd2 Nb6 30.Bb4
Nd5 31.Bd2 1/2-1/2

[Event "Moscow Open 2009 A"]
[Site ""]
[Date "2009.02.04"]
[Round "5.76"]
[White "Grishchenko, Sergey"]
[Black "Losev, Dmitry"]
[Result "1-0"]
[WhiteElo "2423"]
[BlackElo "2313"]
[Annotator ""]
[Source ""]
[Remark ""]

1.d4 g6 2.c4 Bg7 3.Nc3 d6 4.e4 Nc6 5.d5 Nd4 6.Be3 c5 7.Nge2 Nxe2
8.Bxe2 Bxc3+ 9.bxc3 Nf6 10.Qc2 Bd7 11.f4 h5 12.h3 Qc7 13.O-O
h4 14.e5 Bf5 15.Bd3 Nh5 16.Bxf5 gxf5 1-0

[Event "Moscow Open 2009 A"]
[Site ""]
[Date "2009.02.04"]
[Round "5.77"]
[White "Matvienko, Ivan"]
[Black "Gladyszev, Oleg"]
[Result "0-1"]
[WhiteElo "2275"]
[BlackElo "2422"]
[Annotator ""]
[Source ""]
[Remark ""]

1.e4 c5 2.Nf3 Nc6 3.d4 cxd4 4.Nxd4 Nf6 5.Nc3 e5 6.Ndb5 d6 7.Bg5
a6 8.Na3 b5 9.Bxf6 gxf6 10.Nd5 f5 11.g3 Bg7 12.Bg2 fxe4 13.Bxe4
Be6 14.c3 O-O 15.O-O Rb8 16.Nc2 f5 17.Bg2 a5 18.Qd2 Qd7 19.a3
Rfd8 20.Rfd1 Kh8 21.Nce3 b4 22.axb4 axb4 23.Nxb4 Nxb4 24.cxb4
e4 25.Ra5 Be5 26.f4 exf3 27.Bxf3 Qg7 0-1

[Event "Moscow Open 2009 A"]
[Site ""]
[Date "2009.02.04"]
[Round "5.78"]
[White "Sek, Konstantin"]
[Black "Rzayev, Bahruz"]
[Result "1/2-1/2"]
[WhiteElo "2417"]
[BlackElo "2313"]
[Annotator ""]
[Source ""]
[Remark ""]

1.e4 c5 2.Nf3 Nc6 3.Bb5 g6 4.Bxc6 dxc6 5.d3 Bg7 6.h3 e5 7.Be3
b6 8.Qd2 Qd6 9.a3 a5 10.Qc3 Ne7 11.Nbd2 f6 12.O-O Be6 13.Nc4
Qc7 14.b4 axb4 15.axb4 b5 16.Na5 cxb4 17.Qxb4 1/2-1/2

[Event "Moscow Open 2009 A"]
[Site ""]
[Date "2009.02.04"]
[Round "5.79"]
[White "Rakhimgaliyev, Erlan"]
[Black "Borisenko, Andrei"]
[Result "1/2-1/2"]
[WhiteElo "2272"]
[BlackElo "2415"]
[Annotator ""]
[Source ""]
[Remark ""]

1.e4 c6 2.d4 d5 3.Nc3 dxe4 4.Nxe4 Nf6 5.Nxf6+ gxf6 6.Nf3 Bf5
7.Bf4 Nd7 8.Bd3 e6 9.O-O Bg6 10.Re1 Be7 11.c4 O-O 12.Qc2 Kg7
13.Rad1 Re8 14.Bc1 Qc7 15.Qd2 Bf8 16.b3 Rad8 17.h4 Kg8 18.Nh2
e5 19.Ng4 exd4 20.Rxe8 Rxe8 21.Bxg6 hxg6 22.Qxd4 Bg7 23.Bh6 c5
24.Qd2 Ne5 25.Qf4 Qe7 26.Ne3 Nc6 27.Bxg7 Kxg7 28.Qg4 Qe4 29.Qxe4
Rxe4 30.Rd7 Re7 31.Rd6 Re6 32.Rd7 Re7 33.Rd6 Re6 34.Rd7 1/2-1/2

[Event "Moscow Open 2009 A"]
[Site ""]
[Date "2009.02.04"]
[Round "5.80"]
[White "Lavrik, Dmitry"]
[Black "Khojayan, Vardan"]
[Result "1-0"]
[WhiteElo "2414"]
[BlackElo "2272"]
[Annotator ""]
[Source ""]
[Remark ""]

1.e4 c5 2.Nf3 d6 3.d4 cxd4 4.Nxd4 Nf6 5.Nc3 a6 6.Bg5 e6 7.f4
Nbd7 8.Qf3 Qc7 9.O-O-O b5 10.Bd3 Bb7 11.Rhe1 Be7 12.Qg3 b4 13.Nd5
exd5 14.exd5 Kd8 15.Qe3 Nb6 16.Nf5 Nbxd5 17.Qd4 Bf8 18.Be4 Kc8
19.Nxg7 Nxe4 20.Ne8 Qc6 21.Rxe4 Rg8 22.Nf6 Nxf6 23.Qxf6 Rxg5
24.Qxf7 Rc5 25.Qg8 Kc7 26.Qf7+ Kb8 27.Rxb4 a5 28.Rb3 a4 29.Rb4 1-0

[Event "Moscow Open 2009 A"]
[Site ""]
[Date "2009.02.04"]
[Round "5.81"]
[White "Nukin, Ashat"]
[Black "Kachko, Alexander"]
[Result "1-0"]
[WhiteElo "2270"]
[BlackElo "2401"]
[Annotator ""]
[Source ""]
[Remark ""]

1.e4 Nc6 2.Nf3 d6 3.d4 g6 4.Nc3 Bg7 5.Be2 Nf6 6.O-O O-O 7.d5
Nb8 8.h3 e5 9.dxe6 Bxe6 10.Bf4 Nc6 11.Qd2 Re8 12.Rfe1 Nh5 13.Bh6
Nf6 14.Rad1 Nd7 15.Bxg7 Kxg7 16.Ng5 h6 17.Nxe6+ fxe6 18.f4 Rf8
19.Bg4 e5 20.Nd5 Nf6 21.f5 Nxd5 22.exd5 Ne7 23.fxg6 Nxg6 24.Qc3
Qe7 25.Re4 Rf4 26.Rxf4 Nxf4 27.g3 Ng6 28.Rf1 Rf8 29.Bf5 Qf7 30.Qc4
h5 31.Bd3 Qd7 32.Rxf8 Nxf8 33.Qh4 Qf7 34.Qg5+ Kh8 35.Be2 Nh7
36.Qxh5 Qxd5 37.Bd3 Qd4+ 38.Kf1 e4 39.Qe8+ Kg7 40.Qe7+ Kh6 41.Qh4+
Kg7 42.Qe7+ Kh6 43.Qh4+ Kg7 44.Qxe4 Qxe4 45.Bxe4 1-0

[Event "Moscow Open 2009 A"]
[Site ""]
[Date "2009.02.04"]
[Round "5.82"]
[White "Novichkov, Valery"]
[Black "Kozlov, Gennady"]
[Result "1-0"]
[WhiteElo "2400"]
[BlackElo "2257"]
[Annotator ""]
[Source ""]
[Remark ""]

1.e4 e6 2.d4 d5 3.Nc3 Nf6 4.Bg5 Be7 5.e5 Nfd7 6.Bxe7 Qxe7 7.Qd2
a6 8.f4 c5 9.Nf3 Nc6 10.g3 b5 11.Bg2 Bb7 12.O-O Nb6 13.b3 g6
14.Rf2 c4 15.Nd1 b4 16.Ne3 h5 17.bxc4 dxc4 18.f5 gxf5 19.d5 Nxd5
20.Nxd5 exd5 21.Qxd5 c3 22.Re1 Rd8 23.Qc4 Qe6 24.Qf4 Rg8 25.Ng5
Qe7 26.Nh7 Rg6 27.Qxf5 1-0

[Event "Moscow Open 2009 A"]
[Site ""]
[Date "2009.02.04"]
[Round "5.83"]
[White "Soltanici, Ruslan"]
[Black "Aldokhin, Ivan"]
[Result "0-1"]
[WhiteElo "2400"]
[BlackElo "2251"]
[Annotator ""]
[Source ""]
[Remark ""]

1.e4 c5 2.Nf3 e6 3.d4 cxd4 4.Nxd4 a6 5.Nc3 Qc7 6.g3 Bb4 7.Nde2
Nf6 8.Bg2 Nc6 9.O-O Be7 10.h3 d6 11.Be3 b5 12.f4 Bb7 13.g4 h6
14.Ng3 g6 15.Qe2 Na5 16.Rae1 Nc4 17.Bc1 Rc8 18.Nd1 g5 19.fxg5
hxg5 20.b3 Ne5 21.Bxg5 Nfxg4 22.Bxe7 Qc5+ 23.Ne3 Nxe3 24.Bxd6
Qxd6 25.Qxe3 Rxc2 26.Rc1 Rd2 27.Rc7 Rg8 0-1